Pla per a la renovació de la Diputació de Barcelona : informe - balanç pla d'objectius 92/95 informe - balanç pla d'objectius 92/95
Descripción Física:
50 f. ; 30 cm
MARC
| LEADER | 00000nam a2200000Ia 4500 | ||
|---|---|---|---|
| 001 | 19696 | ||
| 008 | 160829s9999 xx 000 0 cat d | ||
| 080 | |a M-5-474 | ||
| 110 | 1 | |a Barcelona (Catalunya : Província). |b Diputació |9 52408 | |
| 245 | |a Pla per a la renovació de la Diputació de Barcelona : |b informe - balanç pla d'objectius 92/95 | ||
| 260 | |a Barcelona : |b Diputació de Barcelona, [1996?] | ||
| 300 | |a 50 f. ; |c 30 cm | ||
| 610 | 1 | 0 | |a Barcelona (Catalunya : Província). |b Diputació |v Planificació |9 52706 |
| 901 | |a Arxiu | ||
| 942 | |n 1 | ||
| 952 | |0 0 |1 0 |4 0 |6 M5474 |7 1 |9 51147 |a Arxiu |b Arxiu |d 2016-12-01 |l 0 |o M-5-474 |p 19696 |r 2016-12-01 00:00:00 |w 2016-12-01 |y ARXIU | ||
| 999 | |c 54990 |d 54990 | ||